| 000 | 00709nam a2200181 a 4500 | ||
|---|---|---|---|
| 008 | 120416s1998 ||||||||||||||||| || u | ||
| 020 | _a9780290192 | ||
| 050 | _aHG 3877 Uma | ||
| 100 | _aUma, Idika Kalu | ||
| 245 | 1 | 0 | _aNigeria's foreign exchange markets Nigeria's foreign exchange markets: management & development : an integrated insight / |
| 260 |
_aIbadan : _bSpectrum Books Limited _c1998 |
||
| 300 | _axviii, 323p. : ill. | ||
| 350 | _a0.00 | ||
| 500 | _aBibliography | ||
| 650 | _aMONEY | ||
| 650 | _aForeign exchange market - Nigeria | ||
| 995 |
_D0.00 _FCBU-MAIN LIBRARY (Kitwe) _H1 _I14.95 _M1 _UAVAILABLE _ZMain Library Open Access Collection |
||
| 999 |
_c52267 _d52267 |
||